000 00703nam a2200253Ia 4500
003 OSt
005 20220925221757.0
006 a|||||r|||| 00| 0
007 ta
008 220923b |||||||| |||| 00| 0 eng d
020 _a0860190466
037 _cGeneral Book
040 _aRTL
_cRTL
_beng
041 _2eng
_aeng
082 _aX:57.730k1.N7, M0
100 _aParboni Ricoardo
_9287078
245 0 _aDollar and its rivals
_b Reoession, inflation and in
260 _aLondon
_bNLB
_c1980
300 _a207p.
_ccm.
650 _a Foreign Exchange
650 _aEconomics
942 _hX:57.730k1.N7, M0
_cGB
_2CC
999 _c575317
_d575317